Diffusion of dithiophosphate accelerators in tire compounds (Record no. 57201)

MARC details
000 -LEADER
fixed length control field 00524nam a2200193Ia 4500
100 ## - MAIN ENTRY--AUTHOR NAME
Personal name Rosca C
245 #0 - TITLE STATEMENT
Title Diffusion of dithiophosphate accelerators in tire compounds
260 ## - PUBLICATION, DISTRIBUTION, ETC. (IMPRINT)
Name of publisher Kautschuk Gummi Kunststoffe
Year of publication 2004
300 ## - PHYSICAL DESCRIPTION
Number of Pages 593-598
650 ## - SUBJECT ADDED ENTRY--TOPICAL TERM
Topical Term Diffusion of accelerators
650 ## - SUBJECT ADDED ENTRY--TOPICAL TERM
Topical Term Dithiophosphates
650 ## - SUBJECT ADDED ENTRY--TOPICAL TERM
Topical Term Equilibrium distribution
650 ## - SUBJECT ADDED ENTRY--TOPICAL TERM
Topical Term Tire compounds
700 ## - ADDED ENTRY--PERSONAL NAME
Personal name Fruh T
700 ## - ADDED ENTRY--PERSONAL NAME
Personal name Giese U
700 ## - ADDED ENTRY--PERSONAL NAME
Personal name Schuster R H
942 ## - ADDED ENTRY ELEMENTS (KOHA)
Koha item type Journals
Holdings
Withdrawn status Lost status Damaged status Not for loan Home library Current library Shelving location Date acquired Serial Enumeration / chronology Koha item type
      Journals RRII Library RRII Library Rubber chemistry 17/12/2021 Volume 57, Issue 11 Journals